Samajtattwik anusandhanar padhati (minor3)/ (Record no. 11896)

MARC details
000 -LEADER
fixed length control field 00600nam a22002057a 4500
005 - DATE AND TIME OF LATEST TRANSACTION
control field 20240829053941.0
008 - FIXED-LENGTH DATA ELEMENTS--GENERAL INFORMATION
fixed length control field 240829b |||||||| |||| 00| 0 eng d
020 ## - INTERNATIONAL STANDARD BOOK NUMBER
International Standard Book Number 9789358490961
040 ## - CATALOGING SOURCE
Original cataloging agency IN-DiNC
Transcribing agency IN-DiNC
041 ## - LANGUAGE CODE
Language code of sung or spoken text Assamese
082 ## - DEWEY DECIMAL CLASSIFICATION NUMBER
Classification number 301.072
Item number BHU
100 ## - MAIN ENTRY--PERSONAL NAME
Personal name Bhuyan, Dilip Kumar
Relator term Author
245 ## - TITLE STATEMENT
Title Samajtattwik anusandhanar padhati (minor3)/
Statement of responsibility, etc. by Dilip Kumar bhuyan and Prasanta Phukan
250 ## - EDITION STATEMENT
Edition statement 1st ed.
260 ## - PUBLICATION, DISTRIBUTION, ETC.
Place of publication, distribution, etc. Dibrugarh:
Name of publisher, distributor, etc. Banalata,
Date of publication, distribution, etc. 2024.
300 ## - PHYSICAL DESCRIPTION
Extent 243p.
650 ## - SUBJECT ADDED ENTRY--TOPICAL TERM
Topical term or geographic name entry element Methods of sociological enquiry
700 ## - ADDED ENTRY--PERSONAL NAME
Personal name Phukan, Prasanta
Relator term Author
942 ## - ADDED ENTRY ELEMENTS (KOHA)
Source of classification or shelving scheme Dewey Decimal Classification
Koha item type Books
Holdings
Withdrawn status Lost status Source of classification or shelving scheme Damaged status Not for loan Collection code Home library Current library Shelving location Date acquired Cost, normal purchase price Total Checkouts Full call number Barcode Date last seen Date last checked out Copy number Price effective from Koha item type
    Dewey Decimal Classification     Sociology Naharkatiya College Library Naharkatiya College Library General Stacks 29/08/2024 290.00 11 301.072 BHU 30158 04/12/2025 06/11/2025 1 29/08/2024 Books
    Dewey Decimal Classification     Sociology Naharkatiya College Library Naharkatiya College Library General Stacks 29/08/2024 290.00 8 301.072 BHU 30159 06/09/2025 28/08/2025 2 29/08/2024 Books
    Dewey Decimal Classification     Sociology Naharkatiya College Library Naharkatiya College Library General Stacks 29/08/2024 290.00 15 301.072 BHU 30160 04/12/2025 06/11/2025 3 29/08/2024 Books
    Dewey Decimal Classification     Sociology Naharkatiya College Library Naharkatiya College Library General Stacks 29/08/2024 290.00 12 301.072 BHU 30161 04/12/2025 06/11/2025 4 29/08/2024 Books
    Dewey Decimal Classification     Sociology Naharkatiya College Library Naharkatiya College Library General Stacks 29/08/2024 290.00 10 301.072 BHU 30162 04/12/2025 03/11/2025 5 29/08/2024 Books
    Dewey Decimal Classification     Sociology Naharkatiya College Library Naharkatiya College Library General Stacks 01/09/2025 320.00 4 301.072 BHU 30999 04/12/2025 06/11/2025 6 01/09/2025 Books
    Dewey Decimal Classification     Sociology Naharkatiya College Library Naharkatiya College Library General Stacks 01/09/2025 320.00 4 301.072 BHU 31000 08/12/2025 04/12/2025 7 01/09/2025 Books

Naharkatiya College © 2020. All rights reserved.

Powered By